000 00615nam a22001337a 4500
040 _cRUA
082 _aAGR KIM 1998 B020 Or.1
100 _aKIM, SAN.
245 _aការប្រើប្រាស់ថ្នាំដសិកម្មរបស់កសិករលើដំណាំបន្លែ ក្នូងស្រុកកៀនស្វាយ​(the use of pesticides of farmers on vegetable crops in kien svay district)
260 _aPhnom Penh
_bRUA
_c1998
300 _a61p.
_bill.
_c29cm.
856 _uhttps://drive.google.com/file/d/1hbZNQjxc6olsXRYiOjFhePzmb-XCZvW5/view?usp=sharing
942 _cAGR
999 _c392
_d392